Cartas a los Tesalonicenses

Guardat en:
Dades bibliogràfiques
Autor corporatiu: Abadía Benedictina de San Andrés (Autor)
Format: Llibre
Idioma:espanyol
Publicat: Madrid Marova 1960
Col·lecció:Colección La Biblia, paso a paso, 33
Matèries:
Etiquetes: Afegir etiqueta
Sense etiquetes, Sigues el primer a etiquetar aquest registre!

MARC

LEADER 00000nam a2200000 a 4500
001 UCL1495
003 CL-VaPUC
008 030911e19600000SP |||||||||||||||||spa|d
082 0 4 |a 227.81  |b ABA  |2 21 
110 2 |a Abadía Benedictina de San Andrés  |e author  |9 478385 
245 1 0 |a Cartas a los Tesalonicenses 
300 |a 18 p 
942 |c BK 
945 |d 20030911 00:00:00  |a vberengu 
260 |a Madrid  |b Marova  |c 1960 
650 0 |a Textos sagrados   |9 257605 
650 0 |a Biblia  |9 257603 
650 0 |a Epístolas  |9 321181 
583 |a last modification  |c 20030911 00:00:00  |k Rodrigo Vera 
490 0 |a Colección La Biblia, paso a paso, 33 
999 |c 305031  |d 305029 
952 |0 0  |1 2  |4 0  |6 227_810000000000000_ABA_1960  |7 0  |8 A  |9 367970  |a BIBTEO  |b BIBTEO  |d 2019-11-21  |i 2076985  |o 227.81 ABA 1960  |p 2076985  |r 2019-11-21  |w 2019-11-21  |x Descarte 2019  |y BK  |k ICR